Franco (notice n° 2159640)
[ vue normale ]
| 000 -LEADER | |
|---|---|
| fixed length control field | 00886cam a2200133 4500500 |
| 005 - DATE AND TIME OF LATEST TRANSACTION | |
| control field | 20260405033125.0 |
| 041 ## - LANGUAGE CODE | |
| Language code of text/sound track or separate title | fre |
| 042 ## - AUTHENTICATION CODE | |
| Authentication code | dc |
| 100 10 - MAIN ENTRY--PERSONAL NAME | |
| Personal name | Bennassar, Bartolomé |
| Relator term | author |
| 245 00 - TITLE STATEMENT | |
| Title | Franco |
| 260 ## - PUBLICATION, DISTRIBUTION, ETC. | |
| Name of publisher, distributor, etc. | Perrin,<br/> |
| Date of publication, distribution, etc. | 2025.<br/> |
| 520 ## - SUMMARY, ETC. | |
| Summary, etc. | La biographie référente d'un dictateur énigmatique Qui était le général Franco ? Bartolomé Bennassar analyse l'étonnant destin du Caudillo en deux volets : d'une part l'histoire d'une vie au fil de la chronologie, d'autre part les clefs pour comprendre l'homme : les frustrations de la jeunesse ; la " baraka " ; le culte du moi ; le sens de la manipulation des hommes ; la passion du pouvoir pour le pouvoir... Autant d'indices qui permettent la compréhension de ce règne implacable qui aura duré trente-six ans. |
| 856 41 - ELECTRONIC LOCATION AND ACCESS | |
| Uniform Resource Identifier | <a href="https://shs.cairn.info/franco--9782262112431?lang=fr&redirect-ssocas=7080">https://shs.cairn.info/franco--9782262112431?lang=fr&redirect-ssocas=7080</a> |
Pas d'exemplaire disponible.




Réseaux sociaux